| 000 | nam a22 7a 4500 | ||
|---|---|---|---|
| 999 |
_c15859 _d15859 |
||
| 008 | 161105b xxu||||| |||| 00| 0 eng d | ||
| 020 | _a0415102278 | ||
| 020 | _a9780415102278 | ||
| 020 | _a0415102286 | ||
| 020 | _a9780415102285 | ||
| 050 | _aGE 105 .P53 1994 | ||
| 100 | _aPickering, Kevin T. | ||
| 245 |
_aAn introduction to global environmental issues/ _cKevin T. Pickering; Lewis A. Owen |
||
| 260 |
_aLondon ; New York : _bRoutledge, _c1994. |
||
| 300 |
_axxiii, 390p. : _bill. ; |
||
| 500 | _aIncludes bibliography and index. | ||
| 650 | _a Environmental sciences. | ||
| 650 | _aEnvironment. | ||
| 650 | _aConservation of Natural Resources. | ||
| 700 | _aOwen, Lewis A. | ||
| 942 |
_2lcc _cBOOKS _hGE 105 .P53 1994 |
||